| 000 | 00707nam1a22002051i 4500 | ||
|---|---|---|---|
| 001 | rc\371923 | ||
| 005 | 20240723221213.0 | ||
| 035 | _a(NLR Aleph) 005634968 | ||
| 090 |
_a6608800 _c6608800 |
||
| 100 | _a20030307d1989 u |0rusy50 ca | ||
| 101 | 0 | _arus | |
| 102 | _aRU | ||
| 105 | _ay ||||||||| | ||
| 200 | 1 |
_a[МЕЖДУНАРОДНАЯ торговля рыбными продуктами]... _e(По материалам ФАО) _fМ-во рыб. хоз-ва СССР, ВНИИ мор. рыб. хоз-ва и океанографии (ВНИРО) |
|
| 210 |
_aМ. _cВНИРО _d1989 |
||
| 215 | _d20х29 | ||
| 801 | 0 |
_aRU _bNLR _gpsbo |
|
| 801 | 1 |
_aRU _bELAR _2rusmarc |
|
| 852 |
_aNLR _j89-8/418 |
||
| 942 | _cBOOK | ||